000 00382nam a2200157Ia 4500
008 230524s9999 xx 000 0 und d
082 _a5.133
_bPOW
100 _aThomas A.Powell
245 4 _aThe Complete Refference HTML & XHTML
250 _a4TH
260 _aNEW DELHI
_bTMH
_c2004
300 _aXXII;899
500 _aQuantity Number: 52
650 _aComp-Sc
942 _cBK
999 _c31327
_d31327